Mylène Farmer - Singles n°1 au Top 50 français - Statistiques

Statistiques générales
  • Ce quiz a été pris 438 fois
  • Le résultat moyen est 5 sur 13
Statistiques - réponses
Hint Réponse % Correct
1991 Désenchantée
87%
1988 Pourvu qu'elles soient douces
67%
1995 XXL
59%
2010 Oui mais... non
55%
2008 Appelle mon numéro
43%
2008 Dégénération
35%
2011 Bleu noir
34%
2009 C'est dans l'air
34%
2011 Lonely Lisa
32%
2009 Si j'avais au moins...
24%
2012 A l'ombre
23%
2009 Sextonik
21%
2006 Slipping away feat. Moby
16%
Aucun quiz correspondant
Distribution des résultats
% des personnes avec chaque résultat
Percentile par nombre de réponses
Votre historique - résultats
Vous n’avez pas pris ce quiz